Countries on Geoguessr - Sudden Death - Statistics

General Stats
  • This quiz has been taken 934 times
    112 since last reset
  • The average score is 44 of 141
Answers on the Grid
Answers color-coded by a green-red scale on the quiz's grid according to % correct below.
Zimbabwe
Yemen
Uzbekistan
Turkmenistan
Trinidad and Tobago
Togo
Tajikistan
Sudan
South Sudan
Somalia
Sierra Leone
Seychelles
Saudi Arabia
Republic of the Congo
Papua New Guinea
Myanmar
Mozambique
Morocco
Moldova
Micronesia
Mauritius
Mauritania
Marshall Islands
Maldives
Malawi
Libya
Kuwait
Kosovo
Kiribati
Jamaica
Iran
Honduras
Haiti
Guinea-Bissau
Grenada
Ethiopia
Eritrea
Equatorial Guinea
El Salvador
Dominica
Djibouti
Democratic Republic of the Congo
Cuba
Côte d'Ivoire
Chad
Central African Republic
Cape Verde
Cameroon
Burundi
Burkina Faso
Brunei
Belize
Bahrain
Bahamas
Azerbaijan
Armenia
Antigua and Barbuda
Angola
Algeria
Vietnam
Venezuela
Vanuatu
Uruguay
United States
United Kingdom
United Arab Emirates
Ukraine
Uganda
U.S. Virgin Islands
U.S. Minor Outlying Islands
Turkey
Tunesia
The Gambia
Thailand
Tanzania
Taiwan
Switzerland
Sweden
Svalbard and Jan Mayen
Sri Lanka
Spain
South Korea
South Georgia and the South Sandwich Islands
South Africa
Slovenia
Slovakia
Singapore
Serbia
Senegal
São Tomé and Príncipe
San Marino
Saint Pierre and Miquelon
Rwanda
Russia
Romania
Réunion
Qatar
Puerto Rico
Portugal
Poland
Pitcairn Islands
Philippines
Peru
Paraguay
Panama
Palestine
Pakistan
Oman
Norway
Northern Mariana Islands
North Macedonia
Nigeria
New Zealand
Netherlands
Nepal
Namibia
Montenegro
Mongolia
Monaco
Mexico
Martinique
Malta
Mali
Malaysia
Madagascar
Macau
Luxembourg
Lithuania
Liechtenstein
Lesotho
Lebanon
Latvia
Laos
Kyrgyzstan
Kenya
Kazakhstan
Jordan
Jersey
Japan
Italy
Israel
Isle of Man
Ireland
Iraq
Indonesia
India
Iceland
Hungary
Hong Kong
Guyana
Guatemala
Guam
Greenland
Greece
Gibraltar
Ghana
Germany
France
Finland
Faroe Islands
Falkland Islands
Eswatini
Estonia
Egypt
Ecuador
Dominican Republic
Denmark
Czechia
Cyprus
Curaçao
Croatia
Costa Rica
Colombia
Cocos (Keeling) Island
Christmas Island
China
Chile
Canada
Cambodia
Bulgaria
British Indian Ocean Territory
Brazil
Botswana
Bosnia and Herzegovina
Bolivia
Bhutan
Bermuda
Belgium
Belarus
Bangladesh
Austria
Australia
Argentina
Antarctica
Andorra
American Samoa
Albania
Åland Islands
Akrotiri and Dhekelia
Afghanistan
 
Answer Stats
Answer % Correct
Panama
54%
Japan
50%
Sweden
50%
Belgium
46%
Bolivia
46%
Chile
46%
Philippines
46%
Russia
46%
South Africa
46%
South Korea
46%
Spain
46%
Taiwan
46%
United States
46%
Australia
43%
Austria
43%
Bangladesh
43%
Canada
43%
Czechia
43%
France
43%
India
43%
Kyrgyzstan
43%
Mongolia
43%
Poland
43%
Serbia
43%
Tunesia
43%
United Arab Emirates
43%
Argentina
39%
Bulgaria
39%
Finland
39%
Gibraltar
39%
Greece
39%
Greenland
39%
Iceland
39%
Ireland
39%
Israel
39%
Italy
39%
Kazakhstan
39%
Lithuania
39%
Malta
39%
Mexico
39%
Montenegro
39%
North Macedonia
39%
Portugal
39%
Senegal
39%
Slovenia
39%
Turkey
39%
Uruguay
39%
Andorra
36%
Botswana
36%
Colombia
36%
Costa Rica
36%
Ecuador
36%
Faroe Islands
36%
Indonesia
36%
Kenya
36%
Liechtenstein
36%
Malaysia
36%
Netherlands
36%
New Zealand
36%
Norway
36%
Oman
36%
Peru
36%
Romania
36%
Rwanda
36%
San Marino
36%
Switzerland
36%
Thailand
36%
Ukraine
36%
United Kingdom
36%
Albania
32%
Cambodia
32%
Denmark
32%
Estonia
32%
Germany
32%
Ghana
32%
Guam
32%
Guatemala
32%
Hong Kong
32%
Latvia
32%
Luxembourg
32%
Madagascar
32%
Puerto Rico
32%
Singapore
32%
Slovakia
32%
U.S. Virgin Islands
32%
American Samoa
29%
Bermuda
29%
Brazil
29%
Christmas Island
29%
Croatia
29%
Dominican Republic
29%
Isle of Man
29%
Monaco
29%
Nigeria
29%
Réunion
29%
Sri Lanka
29%
Vietnam
29%
Antarctica
25%
Bhutan
25%
Curaçao
25%
Egypt
25%
Hungary
25%
Jersey
25%
Jordan
25%
Laos
25%
Lebanon
25%
Lesotho
25%
Namibia
25%
Nepal
25%
Palestine
25%
Qatar
25%
São Tomé and Príncipe
25%
U.S. Minor Outlying Islands
25%
Eswatini
21%
Northern Mariana Islands
21%
Svalbard and Jan Mayen
21%
Uganda
21%
Åland Islands
18%
China
18%
Cocos (Keeling) Island
18%
Cyprus
18%
Macau
18%
Martinique
18%
Pakistan
18%
Akrotiri and Dhekelia
14%
Belarus
14%
Bosnia and Herzegovina
14%
British Indian Ocean Territory
14%
Saint Pierre and Miquelon
14%
South Georgia and the South Sandwich Islands
14%
Falkland Islands
11%
Iraq
11%
Mali
11%
Paraguay
11%
Pitcairn Islands
11%
Vanuatu
11%
Tanzania
7%
The Gambia
7%
Venezuela
7%
Afghanistan
4%
Guyana
0%
No matching quizzes found
Score Distribution
Percent of People with Each Score
Percentile by Number Answered
Your Score History
You have not taken this quiz since the last reset